| 000 | 00587nam a2200217Ii 4500 | ||
|---|---|---|---|
| 003 | JO-AjNU | ||
| 008 | 230606s9999||||xx |||||||||||||| ||und|| | ||
| 020 | _a0-471-15306-0 | ||
| 040 |
_aJO-AjNU _beng _erda _cJO-AjNU |
||
| 041 | _aeng | ||
| 050 | 1 | 4 | _aQA303.A35.1999 |
| 100 | 3 |
_aAnton,howard, _eauthor _93546 |
|
| 245 | 0 | 0 | _aCalculus anew horizon |
| 250 | _a6 ed | ||
| 264 | 3 | 1 | _aJohn WILEY:NEW YOK.1999 |
| 300 | _a1012p | ||
| 336 |
_atext _btxt _2rdacontent |
||
| 337 |
_aunmediated _bn _2rdamedia |
||
| 338 |
_avolume _bnc _2rdacarrier |
||
| 650 | 4 |
_aCalculus anew horizon _93547 |
|
| 999 |
_aE1851 _c1851 _d1851 |
||